书目信息 |
| 题名: |
祛魅
|
|
| 作者: | 张洪彬, 著 | |
| 分册: | ||
| 出版信息: | 上海 上海古籍出版社 2021.12 |
|
| 页数: | 320页 | |
| 开本: | 24cm | |
| 丛书名: | ||
| 单 册: | ||
| 中图分类: | B25 | |
| 科图分类: | ||
| 主题词: | 世界观--shi jie guan--研究--中国--近代 | |
| 电子资源: | ||
| ISBN: | 978-7-5732-0138-6 | |
| 000 | 01859nam0 2200289 450 | |
| 001 | CAL 0120217339487 | |
| 005 | 20230308143222.0 | |
| 010 | @a978-7-5732-0138-6@dCNY88.00 | |
| 100 | @a20220304d2021 em y0chiy0120 ea | |
| 101 | 0 | @achi |
| 102 | @aCN@b310000 | |
| 105 | @aa a 000yy | |
| 106 | @ar | |
| 200 | 1 | @a祛魅@Aqu mei@e天人感应、近代科学与晚清宇宙观念的嬗变@d= Disenchantment@eheaven-mankind Interaction, modern science and the transmutation of cosmology in late Qing dynasty@f张洪彬著@zeng |
| 210 | @a上海@c上海古籍出版社@d2021.12 | |
| 215 | @a320页@c图@d24cm | |
| 300 | @a世纪出版 国家社科基金后期资助项目 2017年度国家社科基金后期资助项目 | |
| 314 | @a张洪彬, 1980年生, 汉族, 重庆垫江人, 毕业于华东师范大学, 获历史学博士学位。 | |
| 320 | @a有书目 (第293-318页) | |
| 330 | @a在传统中国, 国家礼制和日常生活中都不乏对天、天道以及无数人格神、鬼魂等神圣存在的信仰和敬畏。但从民国初年起, 这些神圣存在基本上从中上层社会的公共生活中销声匿迹了, 政治权力的最高代表不再自称受命于天, 知识分子的公开言论多半也不再竭力证明天是值得敬畏和信仰的神圣存在, 对人格神的信仰、对建立于阴阳五行法则之上的各种信仰形式在公共言说中变得面目可疑。这一根本性的变化是怎样发生的? 为什么会发生这样的变化? 本书从思想史层面入手, 考察晚清基督教自然神学及其中包含的近代科学知识对传统宇宙观的挑战, 并考察本土知识分子如何利用以生物进化论为基础的天演论来回应挑战, 进而解释传统宇宙观的祛魅和信仰传统的正当性衰弱。 | |
| 510 | 1 | @aDisenchantment@eheaven-mankind interaction, modern science and the transmutation of cosmology in late Qing dynasty@zeng |
| 517 | 1 | @a天人感应、近代科学与晚清宇宙观念的嬗变@Atian ren gan ying 、 jin dai ke xue yu wan qing yu zhou guan nian de shan bian |
| 606 | 0 | @a世界观@Ashi jie guan@x研究@y中国@z近代 |
| 690 | @aB25@v5 | |
| 701 | 0 | @a张洪彬,@Azhang hong bin@f1980-@4著 |
| 801 | 0 | @aCN@bBJXHXP@c20230308 |
| 905 | @b1408556-9@dB25@e100@f4 | |
| 祛魅:天人感应、近代科学与晚清宇宙观念的嬗变= Disenchantment:heaven-mankind Interaction, modern science and the transmutation of cosmology in late Qing dynasty/张洪彬著.-上海:上海古籍出版社,2021.12 |
| 320页:图;24cm |
| 世纪出版 国家社科基金后期资助项目 2017年度国家社科基金后期资助项目 |
| ISBN 978-7-5732-0138-6:CNY88.00 |
| 在传统中国, 国家礼制和日常生活中都不乏对天、天道以及无数人格神、鬼魂等神圣存在的信仰和敬畏。但从民国初年起, 这些神圣存在基本上从中上层社会的公共生活中销声匿迹了, 政治权力的最高代表不再自称受命于天, 知识分子的公开言论多半也不再竭力证明天是值得敬畏和信仰的神圣存在, 对人格神的信仰、对建立于阴阳五行法则之上的各种信仰形式在公共言说中变得面目可疑。这一根本性的变化是怎样发生的? 为什么会发生这样的变化? 本书从思想史层面入手, 考察晚清基督教自然神学及其中包含的近代科学知识对传统宇宙观的挑战, 并考察本土知识分子如何利用以生物进化论为基础的天演论来回应挑战, 进而解释传统宇宙观的祛魅和信仰传统的正当性衰弱。 |
| ● |
| 相关链接 |
|
|
|
|
正题名:祛魅
索取号:B25/100
 
预约/预借
| 序号 | 登录号 | 条形码 | 馆藏地/架位号 | 状态 | 备注 |
| 1 | 1408556 | 214085568 | 第一样本阅览室/ [索取号:B25/100] | 在馆 | |
| 2 | 1408557 | 214085577 | 第一借阅区/ [索取号:B25/100] | 在馆 | |
| 3 | 1408558 | 214085586 | 第一借阅区/ [索取号:B25/100] | 在馆 | |
| 4 | 1408559 | 214085595 | 第一借阅区/ [索取号:B25/100] | 在馆 |